Nesprávne fakturované údaje a ich oprava podľa zákona o DPH a zákona o účtovníctve
Ak účtovná jednotka je platiteľom DPH, tak faktúra má obsahovať náležitosti podľa zákona o DPH a aj náležitosti podľa zákona o účtovníctve. Podľa zákona o DPH v § 74 nie je povinne ustanovená náležitosť faktúry mať písomné označenie "faktúra". Doklad môže byť označený, napr. "dobropis", "ťarchopis"....
Salvato in:
| Autore principale: | |
|---|---|
| Altri autori: | |
| Natura: | Capitolo di libro |
| Lingua: | slovacco |
| Soggetti: | |
| Tags: |
Nessun Tag, puoi essere il primo ad aggiungerne!!
|
MARC
| LEADER | 00000naa a2200000 4500 | ||
|---|---|---|---|
| 001 | 0282127 | ||
| 005 | 20240417075155.7 | ||
| 041 | 0 | |a slo | |
| 044 | |a SK | ||
| 245 | 1 | 0 | |a Nesprávne fakturované údaje a ich oprava podľa zákona o DPH a zákona o účtovníctve |c Anna Jurišová, Jana Turóciová |
| 520 | |a Ak účtovná jednotka je platiteľom DPH, tak faktúra má obsahovať náležitosti podľa zákona o DPH a aj náležitosti podľa zákona o účtovníctve. Podľa zákona o DPH v § 74 nie je povinne ustanovená náležitosť faktúry mať písomné označenie "faktúra". Doklad môže byť označený, napr. "dobropis", "ťarchopis". Oprava základu dane. Oprava iných chybných údajov na faktúre. Opravné faktúry. Opravy chýb podľa zákona o účtovníctve. Uvádzanie údajov z opravných faktúr v dodatočnom daňovom priznaní. | ||
| 610 | 2 | 0 | |a opravy |
| 610 | 2 | 0 | |a fakturovanie |
| 610 | 2 | 0 | |a faktúry |
| 610 | 2 | 0 | |a dane |
| 610 | 2 | 0 | |a zákony |
| 610 | 2 | 0 | |a povinnosť daňová |
| 100 | 1 | |a Jurišová, Anna | |
| 700 | 1 | |a Turóciová, Jana | |